000 00979nam a22002417a 4500
005 20250425110224.0
008 250425b |||||||| |||| 00| 0 eng d
020 _a978-93-5775-668-6 (hbk)
037 _cTB
040 _aCRL
_cCRL
041 _2hin
_ahin
084 _aO152,1I00x R4
_qCRL
100 _aसेन, क्षितीमोहन
_9752965
245 _aकबीर
260 _aदिल्ली, भारत:
_bवाणी प्रकाशन,
_c2024.
300 _a311पृ0
365 _b895.00
_cINR
650 _2हिन्दी कविता
650 _2हिन्दी साहित्य
700 _aमिश्र, रामेश्वर
_bसंपादक
_9752966
942 _2CC
_cTB
_hO152,1I00x R4
_n0
999 _c1309371
_d1309371